000
00287nam a22001097a 4500
082
_a
530.7 LIO'I
100
_a
LION, KURT S
_9
75595
245
_a
INSTRUMENTATION IN SCIENTIFIC RESEARCH ELECTRICAL INPUT TRANSDUCES
260
_a
NEWYORK
_b
MCGRAW HILL
_c
1959
300
_a
324P
942
_c
BK
999
_c
582524
_d
582524